000 00748nam a22002177a 4500
001 2162214035925476
003 UA-OsUOA
005 20241209131335.0
008 241113b un ||||| |||| 00| 0 ukr d
040 _aUA-OsUOA
_bukr
_cUA-OsUOA
_dUA-OsUOA
041 _aukr
080 _a82
090 _a82
_bК64
100 _aКоннелл Р.
_917548
245 _aНайнебезпечніший звір
_cР. Коннелл
260 _aБуенос-Айрес
_bПеремога
_c1956
300 _a21 с.
650 _2UDC
_a82 Література. Літературознавство
_915
942 _2udc
_cBK
999 _c577718
_d577718